बख़्तरबन्द रेल 14-69 / (Record no. 11279)

MARC details
000 -LEADER
fixed length control field 01218 a2200229 4500
005 - DATE AND TIME OF LATEST TRANSACTION
control field 20080902122124.0
008 - FIXED-LENGTH DATA ELEMENTS--GENERAL INFORMATION
fixed length control field 080902t xxu||||| |||| 00| 0 hin d
010 ## - LIBRARY OF CONGRESS CONTROL NUMBER
LC control number HIN-82903
020 ## - INTERNATIONAL STANDARD BOOK NUMBER
International Standard Book Number 8187425164
Terms of availability 30.00
035 ## - SYSTEM CONTROL NUMBER
System control number HN-55249
037 ## - SOURCE OF ACQUISITION
Source of stock number/acquisition पु.प्र.अ.प्र/प्रका
082 ## - DEWEY DECIMAL CLASSIFICATION NUMBER
Classification number
100 ## - MAIN ENTRY--PERSONAL NAME
Personal name व्सेवोलोद इवानोव
245 ## - TITLE STATEMENT
Title बख़्तरबन्द रेल 14-69 /
Statement of responsibility, etc व्सेवोलोद इवानोव; विनय कुमार शुक्ल द्वारा अनुदित
246 ## - VARYING FORM OF TITLE
Title proper/short title Bakhtarband Rail 14-69
Remainder of title by Vsevolod Ivanov
260 ## - PUBLICATION, DISTRIBUTION, ETC. (IMPRINT)
Place of publication, distribution, etc लखनऊ
Name of publisher, distributor, etc परिकल्पना प्रकाशन
Date of publication, distribution, etc 2006
270 ## - ADDRESS
Address जनचेतना, डी-68, निरालानगर
City लखनऊ
Telephone number 226020
300 ## - PHYSICAL DESCRIPTION
Extent 88पृ
Dimensions 22 सेमी (अजिल्द)
700 ## - ADDED ENTRY--PERSONAL NAME
Personal name शुक्ल, विनय कुमार
942 ## - ADDED ENTRY ELEMENTS (KOHA)
Institution code [OBSOLETE] dpl
Koha item type Hindi Books
Call number prefix उ / व्सेवोलो
Source of classification or shelving scheme Dewey Decimal Classification
Classification part
Call number suffix व्सेवोलो
Holdings
Withdrawn status Lost status Damaged status Not for loan Collection code Home library Current library Date acquired Cost, normal purchase price Total Checkouts Full call number Barcode Date last seen Copy number Uniform Resource Identifier Cost, replacement price Price effective from Koha item type
      Not For Loan Fiction D.B.Act.Division D.B.Act.Division 02/09/2008 30.00   उ व्सेवोलो HN-55249 15/09/2008 1 12389 30.00 15/09/2008 Hindi Books

© Delhi Public Library
Hit Counter
free hit counter